00269 a2200121 4500001000700000020002200007040001100029100002800040240003400068245002900102300000700131362000900138189151 a978-85-86218-73-6 cMagnum aHetzel, Graziela Bozano10aPosso dormir com você?lpor10aPosso dormir com você? a360 a2010